MARC

LEADER 00000nam0a2200000 4500
001 334343
005 20231102004639.0
035 |a (RuTPU)RU\TPU\book\360424 
035 |a RU\TPU\book\360394 
090 |a 334343 
100 |a 20170721d1975 k y0rusy50 ca 
101 0 |a rus 
102 |a RU 
105 |a a z 001zy 
200 1 |a Разработка и совершенствование технологии производства сантехоборудования  |e [сборник]  |f Научно-исследовательский институт санитарной техники (НИИсантехники) 
210 |a Москва  |c Отдел научно-технической информации  |d 1975 
215 |a 151 с.  |c ил. 
225 1 |a Сборник трудов  |v № 44 
320 |a Библиогр. в конце ст. 
606 1 |a Санитарно-техническое оборудование  |x Производство  |2 stltpush  |3 (RuTPU)RU\TPU\subj\53827  |9 71992 
610 1 |a канализационные трубы 
610 1 |a литейные формы 
610 1 |a литейное производство 
610 1 |a заливка 
610 1 |a формовочные смеси 
610 1 |a отопительное оборудование 
610 1 |a чугунные трубы 
610 1 |a теплообмен 
610 1 |a кокильное литье 
610 1 |a тепловые расчеты 
610 1 |a эмалирование 
610 1 |a эмалевые покрытия 
610 1 |a химическая стойкость 
610 1 |a литье под давлением 
610 1 |a стыковая сварка 
675 |a 696/697.002.5  |v 4 
712 0 2 |a Научно-исследовательский институт санитарной техники (НИИсантехники)  |c (Москва)  |c (1957- )  |2 stltpush  |3 (RuTPU)RU\TPU\col\22937 
801 1 |a RU  |b 63413507  |c 20170629 
801 2 |a RU  |b 63413507  |c 20170904  |g RCR 
942 |c BK